1271 1865 1498 1280 1557 1177 1890 1906 1450 1080 1234 1587 1836 1307 1244 1824 1494 1050 1534 1217 1032 1663 1848 1665 1843 1829 1988 1976 1876 1255 1919 1635 1767 1404 1015 1392 1016 1971 1623 1161 1380 1542 1405 1192 1801 1400 1527 1132 1720 1595 1158 1784 1041 1038 1389 1129 1189 1137 1189 1876 1778 1710 1311 1598 1379 1766 1179 1712 1303 1885 1951 1462 1687 1735 1930 1867 1888 1012 1419 1228 1803 1335 1544 1203 1798 1540 1102 1889 1601 1665 1234 1239 1108 1320 1862 1325 1543 1648 1707 BCNSPRNW ULIB Ver.6.0+V

เปลี่ยนเป็นภาษาไทย

Change to English
 แสดงรายละเอียดบรรณานุกรม
  กลับหน้าหลัก

Brief Record : Get Marc (ISO 2709) : E-mail record : QR code < ปิดหน้าต่าง
LEADER : 00000nam 2200000uu 4500
001    13399123002
003     ULIB
008    131128s2555||||th 000 0 tha d
020    ^a9786162142406
090    ^aนว.^bพ656พ ล.1
100    ^aพนมเทียน
245    ^aเพชรพระอุมา : ไพรมหากาฬ ล.1 /^cพนมเทียน
250    พิมพ์ครั้งที่ 6
260    ^aกรุงเทพฯ :^bณ บ้านวรรณกรรม,^c2555
300    ^a408 หน้า
945    ^p225^l0^i034205
999    ^aเกษร โพธิ์สุวรรณ
รายการนี้ยังไม่มีแท็ก
คุณยังไม่ได้ล็อกอิน คุณสามารถมีกิจกรรมร่วมกับเว็บไซต์ได้ แต่ต้องล็อกอินก่อน ::
  ล็อกอิน

รายการสื่อสารสนเทศ

ลำดับที่ ประเภท เลขเรียก/บาร์โค้ด สถานที่ สถานะ
1. นวนิยาย
นวนิยาย
นว. พ656พ ล.1  
  Barcode: 034205
ห้องสมุดวิทยาเขตสวรรค์ประชารักษ์
►นวนิยาย
บนชั้น
  ขอยืม

รายการใกล้เคียง
    ผู้แต่ง [พนมเทียน]

BibComment


ยังไม่เคยถูกคอมเมนท์

คอมเมนท์ทรัพยากรรายการนี้
  คอมเมนท์: เพชรพระอุมา ไพร..


 Copyright 2026. Bcnsprnw @Library